Celescope catalog of ultraviolet stellar observations (Record no. 4714)
[ view plain ]
| 000 -LEADER | |
|---|---|
| fixed length control field | 00874nam a2200217Ia 4500 |
| 003 - CONTROL NUMBER IDENTIFIER | |
| control field | IN-BaIIA |
| 008 - FIXED-LENGTH DATA ELEMENTS--GENERAL INFORMATION | |
| fixed length control field | 211028s9999 xx 000 0 eng d |
| 040 ## - CATALOGING SOURCE | |
| Transcribing agency | IIA Library |
| 080 ## - UNIVERSAL DECIMAL CLASSIFICATION NUMBER | |
| Universal Decimal Classification number | 083.3:52 |
| Item number | DAV |
| 100 ## - MAIN ENTRY--PERSONAL NAME | |
| Personal name | Davis, Robert J |
| 9 (RLIN) | 8359 |
| 245 #0 - TITLE STATEMENT | |
| Title | Celescope catalog of ultraviolet stellar observations |
| Remainder of title | 5068 objects measured by the Smithsonian experiment board the Orbiting Astronomical Observatory (OAO-2) |
| Statement of responsibility, etc. | Robert J. Davis, William A. Deutschman and Katherine L. Haramundanis |
| 260 ## - PUBLICATION, DISTRIBUTION, ETC. | |
| Place of publication, distribution, etc. | Washington |
| Name of publisher, distributor, etc. | Smithsonian Institution Press |
| Date of publication, distribution, etc. | 1973 |
| 300 ## - PHYSICAL DESCRIPTION | |
| Extent | v, 248p. |
| 650 ## - SUBJECT ADDED ENTRY--TOPICAL TERM | |
| Topical term or geographic name entry element | Catalogue-Observations |
| 9 (RLIN) | 8360 |
| 650 ## - SUBJECT ADDED ENTRY--TOPICAL TERM | |
| Topical term or geographic name entry element | Observations catalogue |
| 9 (RLIN) | 8361 |
| 650 ## - SUBJECT ADDED ENTRY--TOPICAL TERM | |
| Topical term or geographic name entry element | Stellar observations |
| 9 (RLIN) | 8362 |
| 650 ## - SUBJECT ADDED ENTRY--TOPICAL TERM | |
| Topical term or geographic name entry element | Astronomy and Astrophysics Thesaurus |
| 9 (RLIN) | 1143 |
| 700 ## - ADDED ENTRY--PERSONAL NAME | |
| Personal name | Deutschman, William A. |
| 9 (RLIN) | 8363 |
| 700 ## - ADDED ENTRY--PERSONAL NAME | |
| Personal name | Haramundanis, Katherine L. |
| 9 (RLIN) | 8364 |
| 942 ## - ADDED ENTRY ELEMENTS (KOHA) | |
| Koha item type | Books |
| 952 ## - LOCATION AND ITEM INFORMATION (KOHA) | |
| -- | 4.85 |
| Withdrawn status | Lost status | Damaged status | Not for loan | Home library | Current library | Shelving location | Date acquired | Total Checkouts | Full call number | Barcode | Date last seen | Price effective from | Koha item type |
|---|---|---|---|---|---|---|---|---|---|---|---|---|---|
| IIA Library-Bangalore | IIA Library-Bangalore | General Stacks | 08/05/1975 | 083.3:52/ DAV | 5268 | 05/11/2021 | 08/05/1975 | Books |